<?xml version="1.0" encoding="UTF-8"?>
<record
    xmlns:xsi="http://www.w3.org/2001/XMLSchema-instance"
    xsi:schemaLocation="http://www.loc.gov/MARC21/slim http://www.loc.gov/standards/marcxml/schema/MARC21slim.xsd"
    xmlns="http://www.loc.gov/MARC21/slim">

  <leader>02248nam a2200277Ia 4500</leader>
  <controlfield tag="001">K0706</controlfield>
  <controlfield tag="003">IT-RoPAU</controlfield>
  <controlfield tag="008">130308s9999    xx            000 0 und d</controlfield>
  <datafield tag="040" ind1=" " ind2=" ">
    <subfield code="a">IT-RoPAU</subfield>
  </datafield>
  <datafield tag="040" ind1=" " ind2=" ">
    <subfield code="c">IT-RoPAU</subfield>
  </datafield>
  <datafield tag="041" ind1=" " ind2=" ">
    <subfield code="a">ITALIANO  </subfield>
  </datafield>
  <datafield tag="100" ind1=" " ind2=" ">
    <subfield code="a">Ghidiglia Quintavalle Augusta</subfield>
  </datafield>
  <datafield tag="100" ind1=" " ind2=" ">
    <subfield code="g">Codice Aut. SPICS: 59837</subfield>
  </datafield>
  <datafield tag="245" ind1=" " ind2=" ">
    <subfield code="a">Galleria Estense di Modena (La)</subfield>
  </datafield>
  <datafield tag="245" ind1=" " ind2=" ">
    <subfield code="b">Galleria Estense di Modena (La)                                                                                                                           </subfield>
  </datafield>
  <datafield tag="250" ind1=" " ind2=" ">
    <subfield code="a">1a ed.</subfield>
  </datafield>
  <datafield tag="260" ind1=" " ind2=" ">
    <subfield code="b">s.e. (senza Editrice o non identificata)</subfield>
  </datafield>
  <datafield tag="260" ind1=" " ind2=" ">
    <subfield code="c">1959 [1&#xB0; Ed.:1959 - Ed.Ling.Originale:1959]</subfield>
  </datafield>
  <datafield tag="300" ind1=" " ind2=" ">
    <subfield code="a">"144 p. (prefazione: no ; testo: 144 [pagine: 0-0])"</subfield>
  </datafield>
  <datafield tag="500" ind1=" " ind2=" ">
    <subfield code="a">"Vicende della Galleria Estense e Ordinamento Attuale. presentazione delle 62 Illustrazione a Colori e in bianco e Nero di Autori vari tra I Quali: maestro di Artu; Barnaba da Modena; Simone di Filippo di Benvenuto Detto Simone dei Crocifissi; Giovanni di Paolo; maestro dei Cassoni Jarves; Bertoldo di Giovanni; Agnolo e Bartolomeo degli Erri; Cristoforo Canozzi da Lendinara; Cosme' Tura; Bartolomeo Bonascia; Niccolo' dell'Arca; Bernardo Parentino o Parenzano; Bartolomeo Montagna; Gerolamo Mocetto; Boccaccio Boccaccino; Giovanni Maria Padovano Detto Mosca; Francesco Zaganelli; Francesco Bianchi Ferrari; Marco Meloni; Antonio Allegri Detto Correggio; Francesco Mazzola Detto Parmigianino; Gerolamo Bedoli; Michelangelo Anselmi; Gaspare Pagani; Antonio Begarelli; Niccolo' dell'Abate; Lelio Orsi; Bartolomeo Schedoni; Giovan Battista Luteri Detto dosso Dossi; Benvenuto Tisi Detto Garofalo; Gerolamo da Carpi; Francesco Xanto Avelli da Rovigo; Jean le Pot; Giulio Marescotti; Paolo Caliari Detto Veronese; Jacopo da Ponte Detto Bassano; Jacopo Robusti Detto Tintoretto; El Greco; Gerolamo Campagna; Lodovico Carracci; Ippolito Scarsella Detto Scarsellino; Carlo Bonone; Giacomo Cavedoni; Alessandro Tiarini; Guercino; Andrea Donducci Detto Mastelletta; Francesco del Cairo; Carlo Cignani; Francesco Vellani; Francesco Duquesnoy Detto Fiammingo... "</subfield>
  </datafield>
  <datafield tag="650" ind1=" " ind2=" ">
    <subfield code="a">SAGGI SULLE ARTI VISIVE</subfield>
  </datafield>
  <datafield tag="650" ind1=" " ind2=" ">
    <subfield code="e">Codice materia Spics: 5011</subfield>
  </datafield>
  <datafield tag="942" ind1=" " ind2=" ">
    <subfield code="c">BK</subfield>
  </datafield>
  <datafield tag="957" ind1=" " ind2=" ">
    <subfield code="7">1</subfield>
  </datafield>
  <datafield tag="999" ind1=" " ind2=" ">
    <subfield code="c">77079</subfield>
    <subfield code="d">77079</subfield>
  </datafield>
  <datafield tag="999" ind1=" " ind2=" ">
    <subfield code="g">1</subfield>
  </datafield>
  <datafield tag="952" ind1=" " ind2=" ">
    <subfield code="0">0</subfield>
    <subfield code="1">0</subfield>
    <subfield code="4">0</subfield>
    <subfield code="6">K_000000000000000_0706</subfield>
    <subfield code="7">1</subfield>
    <subfield code="a">SPICS</subfield>
    <subfield code="b">SPICS</subfield>
    <subfield code="d">2013-03-08</subfield>
    <subfield code="l">0</subfield>
    <subfield code="o">K0706</subfield>
    <subfield code="r">2013-03-08 00:00:00</subfield>
    <subfield code="w">2013-03-08</subfield>
    <subfield code="y">BK</subfield>
    <subfield code="z">Progressivo inserimento:  22473 /  N. Volumi: 1 Copie: 1  / data import: 1 marzo 2013 - By Epidotti, Trombetti, Vaglietti. </subfield>
  </datafield>
</record>
